RICS Land and Society Commission calls for evidence (Record no. 82892)

MARC details
000 -LEADER
fixed length control field 01184ced a22002055a 4500
001 - CONTROL NUMBER
control field L152139
008 - FIXED-LENGTH DATA ELEMENTS--GENERAL INFORMATION
fixed length control field 110202e20110107xxk 000 0 eng d
035 ## - SYSTEM CONTROL NUMBER
System control number (Sirsi) u152139
041 0# - LANGUAGE CODE
Language code of text/sound track or separate title eng
110 2# - MAIN ENTRY--CORPORATE NAME
Corporate name or jurisdiction name as entry element Royal Institution of Chartered Surveyors
9 (RLIN) 4900
245 00 - TITLE STATEMENT
Title RICS Land and Society Commission calls for evidence
Medium [electronic resource]
260 ## - PUBLICATION, DISTRIBUTION, ETC.
Date of publication, distribution, etc. 2011
490 ## - SERIES STATEMENT
Series statement RICS Press Release
Volume/sequential designation 7 January 2011
520 ## - SUMMARY, ETC.
Summary, etc. Land and Society Commission is established by RICS to examine how to equip communities to fully embrace their emerging land and property roles in the context of localism and the Big Society. This independent body has embarked on a four month evidence-gathering exercise calling for evidence from relevant witnesses with expertise in community action, the built environment and local government, both in the form of written and oral evidence sessions. The closing date for written evidence is Friday 11 February 2011.
590 ## - LOCAL NOTE (RLIN)
Local note KA
651 #4 - SUBJECT ADDED ENTRY--GEOGRAPHIC NAME
Geographic name United Kingdom
Chronological subdivision
690 ## - LOCAL SUBJECT ADDED ENTRY--TOPICAL TERM (OCLC, RLIN)
Topical term or geographic name as entry element ENVIRONMENTAL AND LAND CONSULTANCY-LAND MANAGEMENT
856 40 - ELECTRONIC LOCATION AND ACCESS
Uniform Resource Identifier <a href="https://www.rics.org/landandsocietycommission">https://www.rics.org/landandsocietycommission</a>
Public note View the item free of charge at www.rics.org
942 ## - ADDED ENTRY ELEMENTS (KOHA)
Suppress in OPAC 0
Holdings
Withdrawn status Lost status Source of classification or shelving scheme Damaged status Not for loan Home library Current library Shelving location Date acquired Total Checkouts Full call number Barcode Date last seen Copy number Price effective from Koha item type
    Dewey Decimal Classification     Virtual Virtual Online 02/02/2011   ONLINE PUBLICATION 152139-2001 06/08/2019 1 06/08/2019 Journal article